000 00856cab a2200325 4500
001 WB3025-24
008 090401t1994 xxu||||| |||| 00| 0 eng d
035 _a(Sirsi) u28051
041 _aeng
245 _aChemicals and the environment
260 _c1994
350 _a0
490 _aFinancial Times
_v30 June 1994 (LOAN)
520 _aSpecial report looking at the worldwide efforts to control pollution from chemical plant.
650 _aCHEMICAL INDUSTRY
650 _aEC DIRECTIVES
650 _aENVIRONMENTAL PROTECTION ACT 1990
650 _aICI
650 _aLIABILITY
650 _aLITIGATION
650 _aPOLLUTION
650 _aSAFETY
650 _aTEESIDE
650 _aTOXIC SUBSTANCES
650 _aUSA
650 _aWATER
690 _aENVIRONMENTAL AND LAND CONSULTANCY
942 _n0
948 _c04/03/1997
999 _c18917
_d18917